| 000 | 01066cam a2200313Ka 4500 | ||
|---|---|---|---|
| 001 | ocm29772346 | ||
| 003 | 0 | ||
| 005 | 20230123133246.0 | ||
| 008 | 940209s1993 fr a bs i000 0 eng d | ||
| 020 | _z9331028758 | ||
| 035 | _bH130 | ||
| 040 |
_aPLF _cNUST _dVHB |
||
| 049 | _aMAIN | ||
| 090 | _aTP248.195.D44 | ||
| 100 | 1 | _aSasson, Albert. | |
| 245 | 1 | 0 |
_aBiotechnologies in developing countries: present and future. _nVol. 1, _pRegional and national survey / _cAlbert Sasson. |
| 260 |
_aParis : _bUnesco Publishing, _c1993. |
||
| 300 |
_axvii, 764 p. : _bill. ; _c24 cm. |
||
| 440 | 0 | _aFuture-oriented studies | |
| 504 | _aIncludes bibliographical references. | ||
| 650 | 0 |
_aBiotechnology industries _zDeveloping countries. |
|
| 650 | 0 |
_aBiotechnology _xEconomic aspects _zDeveloping countries. |
|
| 650 | 0 |
_aBiotechnology _xSocial aspects _zDeveloping countries. |
|
| 650 | 0 |
_aIndustrial surveys _zDeveloping countries. |
|
| 710 | 2 | _aUnesco. | |
| 907 |
_a.b10070862 _b17-04-03 _c17-04-03 |
||
| 994 |
_a92 _bZNA |
||
| 942 |
_cBOOKS _kTP248.195.D44 |
||
| 999 |
_c145485 _d145485 |
||